Nine-language dictionary of polymers and composites /
| Other Authors: | , |
|---|---|
| Format: | Book |
| Language: | Multiple languages English |
| Published: |
Hoboken, N.J. :
Wiley-Interscience,
[2008]
|
| Subjects: | |
| Online Access: | Publisher description Table of contents only Contributor biographical information |
MARC
| Tag | First Indicator | Second Indicator | Subfields |
|---|---|---|---|
| LEADER | 00000cam a2200000 a 4500 | ||
| 001 | in00002391981 | ||
| 005 | 20151109055516.0 | ||
| 008 | 071210s2008 nju d 000 0 mul | ||
| 010 | |a 2007050500 | ||
| 015 | |a GBA815396 |2 bnb | ||
| 016 | 7 | |a 014513723 |2 Uk | |
| 019 | |a 179841683 | ||
| 020 | |a 9780470282489 (cloth) | ||
| 020 | |a 0470282487 (cloth) | ||
| 035 | |a (OCoLC)ocn183928620 | ||
| 035 | |a (OCoLC)183928620 |z (OCoLC)179841683 | ||
| 040 | |a DLC |c DLC |d UKM |d BAKER |d YDXCP |d BTCTA |d C#P |d UtOrBLW | ||
| 041 | 0 | |a eng |a mul | |
| 049 | |a TXAM | ||
| 050 | 0 | 0 | |a TP1110 |b .N56 2008 |
| 082 | 0 | 0 | |a 668.903 |2 22 |
| 245 | 0 | 0 | |a Nine-language dictionary of polymers and composites / |c edited by Andrei Grafov, Eloisa B. Mano. |
| 264 | 1 | |a Hoboken, N.J. : |b Wiley-Interscience, |c [2008] | |
| 264 | 4 | |c ©2008 | |
| 300 | |a xxiii, 1086 pages ; |c 26 cm. | ||
| 336 | |a text |b txt |2 rdacontent | ||
| 337 | |a unmediated |b n |2 rdamedia | ||
| 338 | |a volume |b nc |2 rdacarrier | ||
| 650 | 0 | |a Polymers |v Dictionaries |x English. | |
| 650 | 0 | |a Polymeric composites |v Dictionaries |x English. | |
| 650 | 0 | |a English |v Dictionaries |x Polyglot. | |
| 700 | 1 | |a Grafov, Andrei. | |
| 700 | 1 | |a Mano, Eloisa Biasotto. | |
| 856 | 4 | 2 | |3 Publisher description |u http://www.loc.gov/catdir/enhancements/fy0806/2007050500-d.html |t 0 |
| 856 | 4 | 1 | |3 Table of contents only |u http://www.loc.gov/catdir/enhancements/fy0806/2007050500-t.html |t 0 |
| 856 | 4 | 2 | |3 Contributor biographical information |u http://www.loc.gov/catdir/enhancements/fy0827/2007050500-b.html |t 0 |
| 938 | |a Baker & Taylor |b BKTY |c 250.00 |d 250.00 |i 0470282487 |n 0007504102 |s active | ||
| 938 | |a YBP Library Services |b YANK |n 2772432 | ||
| 938 | |a Baker and Taylor |b BTCP |n BK0007504102 | ||
| 945 | |a PromptCat |b 419952 | ||
| 946 | |a stk | ||
| 947 | |a A14836783536 | ||
| 994 | |a 92 |b TXA | ||
| 948 | |a cataloged |b h |c 2008/5/30 |d c |e asalazar |f 2:34:06 pm | ||
| 999 | |a MARS | ||
| 999 | f | f | |s 77db7f98-ff5b-3c66-aad5-579c79f03bf4 |i a4a934ad-74ec-3d89-9006-029e557e078a |t 0 |
| 952 | f | f | |p ric |a Texas A&M University |b Rellis Campus |c Joint Library Facility |d Remote Storage |t 0 |e TP1110 .N56 2008 |h Library of Congress classification |i unmediated -- volume |m A14836783536 |
| 998 | f | f | |a TP1110 .N56 2008 |t 0 |l Remote Storage |